৮০ দশকের নির্বাচিত পাঁচটি উপন্যাস / (Record no. 879)
[ view plain ]
| 000 -LEADER | |
|---|---|
| fixed length control field | 00961nam a22002177a 4500 |
| 003 - CONTROL NUMBER IDENTIFIER | |
| control field | BD-DhCDI |
| 005 - DATE AND TIME OF LATEST TRANSACTION | |
| control field | 20251008075936.0 |
| 008 - FIXED-LENGTH DATA ELEMENTS--GENERAL INFORMATION | |
| fixed length control field | 251008b bg ||||| |||| 00| 0 ben d |
| 020 ## - INTERNATIONAL STANDARD BOOK NUMBER | |
| International Standard Book Number | 9789845025256 |
| Qualifying information | Hard Cover |
| 040 ## - CATALOGING SOURCE | |
| Original cataloging agency | BD-DhCDI |
| Language of cataloging | BD-DhCDI |
| Transcribing agency | BD-DhCDI |
| 082 ## - DEWEY DECIMAL CLASSIFICATION NUMBER | |
| Edition number | 23 |
| Classification number | 891.443 |
| Item number | AHN 2002 |
| 100 ## - MAIN ENTRY--PERSONAL NAME | |
| Personal name | আহমেদ, হুমায়ুন |
| Relator term | লেখক |
| 245 ## - TITLE STATEMENT | |
| Title | ৮০ দশকের নির্বাচিত পাঁচটি উপন্যাস / |
| Statement of responsibility, etc. | হুমায়ুন আহমেদ |
| 246 ## - VARYING FORM OF TITLE | |
| Title proper/short title | 80 dosoker nirbachito pasti uponnas. |
| 250 ## - EDITION STATEMENT | |
| Edition statement | চতুর্থ মুদ্রণ |
| Remainder of edition statement | ফ্রেরুয়ারি ২০১৯. |
| 260 ## - PUBLICATION, DISTRIBUTION, ETC. | |
| Place of publication, distribution, etc. | ঢাকা; |
| Name of publisher, distributor, etc. | অন্যপ্রকাশ, |
| Date of publication, distribution, etc. | ডিসেম্বর ২০০২. |
| 300 ## - PHYSICAL DESCRIPTION | |
| Extent | ৪৩১ পৃ.: |
| Dimensions | ২২ সেমি. |
| 650 ## - SUBJECT ADDED ENTRY--TOPICAL TERM | |
| Topical term or geographic name entry element | উপন্যাস |
| 651 ## - SUBJECT ADDED ENTRY--GEOGRAPHIC NAME | |
| Geographic name | বাংলা সাহিত্য |
| Geographic subdivision | বাংলা |
| 9 (RLIN) | 1579 |
| 942 ## - ADDED ENTRY ELEMENTS (KOHA) | |
| Source of classification or shelving scheme | Dewey Decimal Classification |
| Koha item type | Books |
| Withdrawn status | Lost status | Source of classification or shelving scheme | Damaged status | Not for loan | Collection code | Home library | Current library | Shelving location | Date acquired | Source of acquisition | Total Checkouts | Total Renewals | Full call number | Barcode | Date last seen | Date last checked out | Copy number | Price effective from | Koha item type |
|---|---|---|---|---|---|---|---|---|---|---|---|---|---|---|---|---|---|---|---|
| Dewey Decimal Classification | Fiction | Caritas Development Institute Library | Caritas Development Institute Library | New Materials Shelf | 25/09/2025 | Purchase | 2 | 2 | 891.443 AHN 2002 | 12311 | 27/01/2026 | 27/10/2025 | 1 | 08/10/2025 | Books |